| 000 | 00854nam a2200289 a 4500 | ||
|---|---|---|---|
| 999 |
_c8594 _d8594 |
||
| 001 | 8594 | ||
| 003 | BD - JhCC | ||
| 005 | 20180227194515.0 | ||
| 008 | 500101s1988 enk 001 0 eng d | ||
| 020 | _a0521353297 | ||
| 020 | _a0521358582 pbk | ||
| 035 | _a(BD - JhCC)8594 | ||
| 040 |
_aBD-JhCC _dBD-JhCC |
||
| 041 | _aeng | ||
| 050 | 0 | _aTK7867 | |
| 082 |
_a621.3815/3 _219 _bODE 1988 |
||
| 100 | 1 |
_aO'Dell, T. H. _q(Thomas Henry) |
|
| 245 | 1 | 0 |
_aElectronic circuit design : _bart and practice / _cT.H. O'Dell |
| 260 |
_aCambridge : _bCambridge University Press, _c1988 |
||
| 300 |
_ax, 172 p : _bill. ; _c24 cm |
||
| 490 | 1 | _aElectronics texts for engineers and scientists | |
| 504 | _aIncludes index | ||
| 650 | 0 | _aElectronic circuit design | |
| 830 | 0 | _aElectronics texts for engineers and scientists | |
| 942 |
_2ddc _cBK |
||